[Event "LSS No Engine Cup 14 Preliminary 1"]
[Site "LSS email"]
[Date "2010.01.07"]
[Round "?"]
[White "Castellano, Antonio Jr"]
[Black "Tairov, SH."]
[Result "1-0"]
[WhiteElo "823"]
[BlackElo "800"]
[PlyCount "37"]
[EventDate "2010.01.08"]
[EventType "tourn (corr)"]
[EventRounds "6"]
[EventCountry "GER"]
[SourceTitle "Telechess CBM 147"]
[Source "ChessBase"]
[SourceDate "2012.03.16"]
[SourceVersion "1"]
[SourceVersionDate "2012.03.16"]
[SourceQuality "1"]

1. e4 e6 2. Nf3 Nc6 3. Bb5 a6 4. Ba4 b5 5. Bb3 Bd6 6. c3 Bb7 7. 0-0 Nge7 8. d4 0-0 9. Qd3 Ng6 10. Bc2 f5 11. Bg5 Be7 12. Bxe7 Qxe7 13. Nbd2 fxe4 14. Nxe4 Nd8 15. Neg5 Nf7 16. Nxf7 Rxf7 17. Rae1 Bxf3 18. gxf3 Raf8 19. Re3 1-0

[Event "LSS OP-2009-0-00993"]
[Site "LSS email"]
[Date "2009.11.14"]
[Round "?"]
[White "Jokmin, Guido"]
[Black "Tairov, SH."]
[Result "0-1"]
[WhiteElo "571"]
[BlackElo "800"]
[PlyCount "25"]
[EventDate "2009.11.07"]
[EventType "tourn (corr)"]
[EventRounds "4"]
[EventCountry "GER"]
[SourceTitle "Corr 2015"]
[Source "ChessBase"]
[SourceDate "2015.07.17"]
[SourceVersion "1"]
[SourceVersionDate "2015.07.17"]
[SourceQuality "1"]

1. e4 c5 2. Nf3 d6 3. Bc4 Nc6 4. 0-0 g6 5. Bxf7+ Kxf7 6. Ng5+ Ke8 7. Re1 e5 8. Nc3 Qxg5 9. d4 Qd8 10. Nd5 cxd4 11. Qf3 Be6 12. Qb3 Rb8 13. c3 0-1

[Event "LSS OP-2009-0-00993"]
[Site "LSS email"]
[Date "2009.11.14"]
[Round "?"]
[White "Schnoewitz, Brigitte"]
[Black "Tairov, SH."]
[Result "1/2-1/2"]
[WhiteElo "1152"]
[BlackElo "1400"]
[PlyCount "50"]
[EventDate "2009.11.07"]
[EventType "tourn (corr)"]
[EventRounds "4"]
[EventCountry "GER"]
[SourceTitle "Telechess CBM 137"]
[Source "ChessBase"]
[SourceDate "2010.07.15"]
[SourceVersion "1"]
[SourceVersionDate "2010.07.15"]
[SourceQuality "1"]

1. d4 Nf6 2. c4 e6 3. Nc3 c5 4. d5 Be7 5. Nf3 d6 6. e4 0-0 7. Be2 Nbd7 8. 0-0 b6 9. dxe6 fxe6 10. Ng5 Ne5 11. f4 Ng6 12. f5 Ne5 13. fxe6 h6 14. Nf3 Bxe6 15. Qc2 Qc7 16. Nd5 Bxd5 17. exd5 Nfg4 18. h3 Nxf3+ 19. Rxf3 Ne5 20. Rxf8+ Rxf8 21. Bd2 Bh4 22. Rf1 Rxf1+ 23. Bxf1 Qf7 24. Bc3 Qf4 25. Qe2 Bg3 1/2-1/2